CRC handbook of tables for applied engineering science /
Guardado en:
| Otros Autores: | , |
|---|---|
| Formato: | Libro |
| Idioma: | English |
| Publicado: |
Cleveland, Ohio :
CRC Press,
c1973.
|
| Edición: | 2nd ed. |
| Materias: | |
| Etiquetas: |
Agregar Etiqueta
Sin Etiquetas, Sea el primero en etiquetar este registro!
|
| LEADER | 00991cam a22002775a 4500 | ||
|---|---|---|---|
| 001 | EIQ.libpla001731 | ||
| 008 | 730807s1973####ohua#####bf###001#0#eng#d | ||
| 005 | 20061213183905.0 | ||
| 245 | 0 | 0 | |a CRC handbook of tables for applied engineering science / |c Editors: Ray E. Bolz [and] George L. Tuve. |
| 246 | 1 | 0 | |a Handbook of tables for applied engineering science. |
| 250 | |a 2nd ed. | ||
| 260 | |a Cleveland, Ohio : |b CRC Press, |c c1973. | ||
| 300 | |a 1166 p. : |b il. ; |c 27 cm. | ||
| 504 | |a Incluye referencias bibliográficas e índice. | ||
| 020 | |a 0878192522 | ||
| 700 | 1 | |a Bolz, Ray E., |d 1918- |e ed. |4 edt | |
| 700 | 1 | |a Tuve, George Lewis, |e ed. |4 edt | |
| 082 | 0 | 0 | |a 620/.0021/2 |
| 650 | 4 | |a Ingeniería |x Tablas. | |
| 650 | 4 | |a Ingeniería |x Handbooks, manuales, etc. | |
| 650 | 0 | |a Engineering |x Tables. | |
| 650 | 4 | |a Engineering |x Handbooks, manuals, etc. | |
| 010 | |a 73166251 | ||
| 040 | |a DLC |c DLC |d DLC | ||
| 050 | 0 | 0 | |a TA151 |b .C2 1973 |
| 859 | |a AR-BbSID |b BIB. PLAPIQUI |h 620.004 2 |i C 94 |k R |p 758 | ||
